Caribbean Countries - Statistics

General Stats
  • This quiz has been taken 14 times
  • The average score is 20 of 28
Answer Stats
Status Answer % Correct
Independent Haiti
100%
Independent Jamaica
100%
Independent Antigua and Barbuda
91%
Independent Bahamas
91%
Independent Barbados
91%
Independent Cuba
91%
Independent Dominican Republic
91%
USA Territory Puerto Rico
91%
Independent Trinidad and Tobago
91%
Independent Dominica
82%
Independent Saint Lucia
82%
French Territory Saint Martin
82%
Independent Saint Vincent and the Grenadines
82%
Dutch Territory Aruba
73%
Dutch Territory Curacao
73%
Independent Grenada
73%
French Territory Guadeloupe
73%
Independent Saint Kitts and Nevis
73%
UK Territory British Virgin Islands
64%
UK Territory Anguilla
55%
UK Territory Cayman Islands
55%
Dutch Territory Sint Maarten
55%
French Territory Martinique
45%
UK Territory Montserrat
45%
USA Territory Virgin Islands
45%
French Territory Saint Barthelemy
36%
UK Territory Turks and Caicos Islands
27%
Dutch Territory Caribbean Netherlands
0%
No matching quizzes found
Score Distribution
Percent of People with Each Score
Percentile by Number Answered
Your Score History
You have not taken this quiz